Loading...
Kavivar Banarasidas /
| Main Author: | |
|---|---|
| Format: | Printed Book |
| Language: | Hindi |
| Published: |
Bharatiy Njanpeed ,
1966.
|
| LEADER | 00477nam a2200145Ia 4500 | ||
|---|---|---|---|
| 008 | 150624b xxu||||| |||| 00| | hin d | ||
| 082 | |a 915.404 | ||
| 100 | |a Raveendrakumar Jain | ||
| 245 | |c Raveendrakumar Jain |a Kavivar Banarasidas / | ||
| 260 | |b Bharatiy Njanpeed , |c 1966. | ||
| 300 | |a 342 p. | ||
| 546 | |a In Hindi. | ||
| 942 | |c BK | ||
| 999 | |c 89867 |d 89867 | ||
| 952 | |0 1 |1 0 |4 0 |6 915_404000000000000_UPA_M |7 0 |9 89811 |a UL |b UL |c ST2 |d 1998-09-15 |l 0 |o 915.404 UPA/M |p 26204 |r 2012-10-27 |w 2012-10-27 |y BK | ||